=LDR 00000nam 2200000 4500 =001 INLIS000000000013846 =005 20130612105155 =008 ***********************************Ind** =035 ##$$0010-061300000013846 =041 ##$$a Ind =082 ##$$a 641.304 =090 ##$$a 641.304, Ast k =100 ##$$a Astrid S, Ny =245 ##$$a Kumpulan resep-resep masakan, Ny.Astrid S =260 ##$$a 2000 $b Bandung =300 ##$$a 286 hlm, 21 cm =650 ##$$a Masakan - Kumpulan resep-resep =850 ##$$a NBPNMAT